000 00827nmc a2200301 a 4500
003 AR-BaBNM
005 20251128211551.0
008 024120s2000 ||||||||||||||000 | spa||
020 _a950-12-6515-3
040 _cAR-BaBNM
245 1 0 _aJorge Luis Borges. Intervenciones sobre pensamiento y literatura
250 _a1ª ed.
260 _aBuenos Aires
_bPaidós
_c2000
300 _a303 p.
490 0 _aEspacios del saber
_vv. 15
650 4 _aTEORIA LITERARIA
650 4 _aCRITICA LITERARIA
650 4 _aANTOLOGIAS
650 4 _aESCRITORES
650 4 _aLITERATURA ARGENTINA
655 _aLITERATURA
700 1 _aRowe, William
_ecompilador
700 1 _aCanaparo, Claudio
_ecompilador
700 1 _aLouis, Annick
_ecompilador
700 1 _aKaufman, Alejandro
_eeditor
942 _cBK
998 _cmartin
999 _c20222
_d20222